[Event "WchT 11th"]
[Site "Khanty-Mansiysk"]
[Date "2017.06.26"]
[Round "9.1"]
[White "Tari, Aryan"]
[Black "Vidit, Santosh Gujrathi"]
[Result "1/2-1/2"]
[WhiteElo "2593"]
[BlackElo "2692"]
[Annotator "Sagar Shah"]
[PlyCount "111"]
[EventDate "2017.06.17"]
[EventType "team-tourn"]
[EventRounds "9"]
[EventCountry "RUS"]
[SourceTitle "CBM 179"]
[Source "ChessBase"]
[SourceDate "2017.07.12"]
[SourceVersion "1"]
[SourceVersionDate "2017.07.12"]
[SourceQuality "1"]
[WhiteTeam "Norway"]
[BlackTeam "India"]
[WhiteTeamCountry "NOR"]
[BlackTeamCountry "IND"]

1. e4 e5 2. Nf3 Nc6 3. d4 exd4 4. Nxd4 Nf6 5. Nxc6 bxc6 6. Bd3 $5 {In simple
words this is not a theoretically challenging move. However, there are some
tricky lines and if you are not prepared, you can fall into some sort of trap
or prepared line.} (6. e5 {It goes without saying that this move has been
played on almost every occasion that this position has been reached at the top
level.}) 6... d5 7. Qe2 (7. e5 Ng4 8. O-O Bc5 9. Bf4 (9. h3 Nxe5 10. Re1 Qf6
$17 {and Black is better.}) 9... O-O 10. h3 Nxf2 11. Rxf2 Bxf2+ 12. Kxf2 Qh4+
13. Bg3 Qd4+ 14. Kf1 Qxb2 {with a complicated position.}) 7... dxe4 8. Nc3 (8.
Bxe4 Nxe4 9. Qxe4+ Qe7 {gives Black a long lasting advantage of two bishops in
a completely open position.}) 8... Bb4 9. Bxe4 O-O {Black's position already
looks very sound. True, his pawns are weak. But he has castled and got his
king to safety. The white king is still in the centre and the queen is
awkwardly placed on e2. The only upside for White is that he is going to win a
pawn on c6, at the same time stopping ...Re8.} (9... Nxe4 10. Qxe4+ Qe7 11. O-O
Qxe4 12. Nxe4 Bf5 {should be around even.}) (9... Bxc3+ 10. bxc3 Nxe4 11. Qxe4+
Qe7 12. Qxe7+ Kxe7 13. Bf4 Be6 {This should end in a draw.}) 10. Bxc6 Rb8 11.
Be3 $6 (11. O-O {was a good move for White. It is difficult to say what Aryan
was worried about. Because Rd1 is quite a big threat now.} Qd6 $1 {
Theoretically Black is fine.} 12. Bb5 Ng4 13. g3 Ne5 14. Bf4 Bxc3 15. bxc3 Rxb5
16. Qxb5 Nf3+ 17. Kg2 Qe6 18. Kxf3 Bd7 19. Qe5 Qc6+ 20. Ke3 Re8 $11) 11... Qd6
(11... Ng4 {was also strong} 12. Bxa7 Qf6 {[%cal Gf6c3,Gf6c6]} 13. Qf3 Qe5+ 14.
Kd1 Bc5 15. Bxb8 Nxf2+ $19) 12. Bf3 Ba6 $6 (12... Ba5 $1 {Attacking b2 makes
it very difficult for White to meet this move.} 13. O-O (13. Qd2 Rxb2 $19)
13... Ba6 14. Bf4 Bxe2 15. Bxd6 Bxf1 16. Bxf8 Kxf8 17. Kxf1 Rxb2 $17) 13. Qd2 {
Now Black has to either exchange the queens or let White castle long.} Qe7 14.
O-O-O Ba3 $1 {Vidit is in his element! I would be very afraid if I was White
here. First of all Black's king is safe and I already have four black pieces
looking at my king.} 15. Na4 Bxb2+ $1 {Now for a second, let's leave the
engines aside and try to look at this game from a practical point of view. The
bishop has taken the pawn on b2 and opened up the white king. As Kasparov says,
in an attack there are no pieces or pawns. There are units of attack and units
of defence. Here b2 is a unit of defence that is destroyed by a unit of attack!
} 16. Nxb2 Qa3 17. Bd4 $6 (17. c4 {might have been better, but I am already
quite cynical after} Qxa2 {I have a feeling that Black should have decent
compensation here, and any human player over the board would feel the same.
However, the engines are not convinced.} 18. Qc2 $1 Qa1+ 19. Qb1 Qa5 20. Rd4
Rb3 21. Bd2 Qc5 22. Bd1 Qxd4 23. Bxb3 Qxf2 24. Rd1 $14 {and although White is
losing pawns, his king is safe and he can surely claim an advantage here.})
17... Qxa2 18. Qc3 Rfd8 $1 {Bringing the last piece into the game. Black's
threat is ...Qa1 followed by taking the piece on b2.} 19. Bc6 Bb5 $3 {The
Indian GM finds a great resource. The idea is to simply deflect the bishop
from the control of the e4 square so that the knight can jump in.} (19... Qa1+
20. Kd2 Qxb2 21. Qxb2 Rxb2 22. Kc3 {and even though White is a pawn down, he
is better here because of his active bishops.} Rbb8 23. Bxa7 $16) 20. Bf3 (20.
Bxb5 Ne4 $19) (20. Nd3 Bxd3 21. Rxd3 (21. Qxd3 Rb4 $1 22. Bxf6 Rxd3 $19) 21...
Qb1+ 22. Kd2 Qxh1 $19) 20... c5 $5 (20... Be2 $3 {Following the same theme
this move would have won the game.} 21. Bc6 (21. Rde1 Bxf3 22. gxf3 c5 $1 23.
Qxc5 Qa1+ 24. Kd2 Qxb2 $19) (21. Bxe2 Ne4 $19) 21... Bxd1 22. Rxd1 Qa1+ 23. Kd2
Qxb2 24. Qxb2 Rxb2 {The rest is just matter of technique.}) 21. Qxc5 Qa1+ 22.
Kd2 Qxb2 {Once again, though this looks completely winning, the white king
manages to survive. Now this is not something that you can blame a player for.
Vidit's evaluation ended somewhere here saying the material is even, and white
king is disastrously placed, while the black king is great. It should be
better for Black. But the tragedy is that it is not! White's king feels really
safe on e3.} 23. Ke3 $1 Qa2 (23... Re8+ 24. Kf4 $1 $16 {The king is afraid of
no one!}) 24. Bxf6 gxf6 $2 (24... Qe6+ 25. Be5 Re8 $11 {was how Black could
have survived.} 26. Kf4 Qh6+ 27. Kg4 Qe6+ $11) 25. Rxd8+ Rxd8 26. Qxb5 {
Black is just a piece down now with no compensation.} Qxc2 27. Rd1 $2 (27. Be4
$1 {Not such a difficult move to find for Aryan.} Qd2+ (27... Qc3+ 28. Kf4 $18
{Once again the king is safe.}) 28. Kf3 $18) 27... Rxd1 28. Qb8+ Kg7 29. Bxd1
Qxd1 {Now the game is drawn. Vidit tries to push it as much as possible, but
there is nothing much he can do here.} 30. Qxa7 Qg1 31. Kf3 Qxh2 32. Qd7 h5 33.
g3 Qh1+ 34. Ke3 Qe1+ 35. Kf3 Qe5 36. Kg2 f5 37. Qd2 Qe4+ 38. Kh2 Qg4 39. Qc3+
Kh7 40. Qc7 Qg6 41. Qf4 Qf6 42. Kh3 Kg6 43. Qb8 Kg7 44. Qf4 Qg6 45. Kh4 f6 46.
f3 Kh7 47. g4 hxg4 48. fxg4 fxg4 49. Qc7+ Kg8 50. Qd8+ Kf7 51. Qd7+ Kf8 52.
Qd8+ Kg7 53. Qc7+ Qf7 54. Qxf7+ Kxf7 55. Kxg4 Ke6 56. Kf4 1/2-1/2

[Event "Moscow Aeroflot op-A 11th"]
[Site "Moscow"]
[Date "2012.02.15"]
[Round "9"]
[White "Sjugirov, Sanan"]
[Black "Sasikiran, Krishnan"]
[Result "0-1"]
[WhiteElo "2622"]
[BlackElo "2700"]
[Annotator "Sasikiran,K"]
[PlyCount "114"]
[EventDate "2012.02.07"]
[EventType "swiss"]
[EventRounds "9"]
[EventCountry "RUS"]
[SourceTitle "CBM 147"]
[Source "ChessBase"]
[SourceDate "2012.03.16"]
[SourceVersion "1"]
[SourceVersionDate "2012.03.16"]
[SourceQuality "1"]

1. e4 e5 2. Nf3 Nc6 3. d4 {While preparing for the game, I did not find any of
Sanan's games with 3.d4 in Mega Database. Nevertheless this was a pleasant
surprise as I had prepared an interesting novelty in one of the lines and
hoped to catch Sanan off guard.} exd4 4. Nxd4 Nf6 5. Nxc6 bxc6 6. e5 Qe7 7. Qe2
Nd5 8. c4 Nb6 9. Nc3 Bb7 {The current variation became popular after Kramnik's
victory over Shirov in Wijk aan Zee 2011.} (9... Qe6 {is the main line.}) 10.
Bd2 O-O-O $5 (10... g6 11. Ne4 O-O-O 12. a4 Ba6 13. Qe3 Qxe5 14. Bc3 Bb4 $1 {
0-1 (43) Shirov,A (2722)-Kramnik,V (2784) Wijk aan Zee 2011}) 11. O-O-O Kb8 $5
{[%mdl 8] A prophylactic idea. In analysing some games of the other lines with
10...0-0-0, I found that White has the check on g4 (especially after Black
plays ...d5) in many lines and decided to get rid of this possibility
immediately. Besides the text has the advantage of clearing the c8-square
which can be used by either knight or bishop. From here onwards my opponent
was spending a lot of time over his moves.} (11... g6) (11... Re8) (11... Qe6)
12. h4 Re8 13. Rh3 Ba6 14. Qg4 Bc8 $5 15. Rg3 {The idea with ...Kb8 was
prepared some time ago and here I completely forgot what I had analysed, which
annoyed me greatly during the game. Nevertheless I decided to try to find the
best moves over the board.} Qc5 16. Ne4 $5 (16. Qf4 Rxe5 17. b4 Qe7 18. c5 Nd5
19. Nxd5 cxd5 20. Re3 {with complex play ahead.}) 16... Qxe5 17. Ng5 f5 $5 {
A dangerous idea. I did not realise that the pawn could not be saved. ...Qf6
was much safer.} (17... Qf6 18. Bc3 (18. Rf3 d5 19. Qg3 Bd6 20. Bf4 (20. Rxf6
Bxg3 21. Rxf7 Bxh4 $15) 20... Qe7 21. Bxd6 Qxd6 22. Qxd6 cxd6 23. Rxf7 Rhf8 24.
cxd5 h6 25. Rxf8 Rxf8 26. Ne4 (26. Nf3 c5 $1 $132 {[%csl Rd5]}) 26... cxd5 27.
Nxd6 Rxf2 $132) 18... h5 19. Qd4 Qxd4 20. Bxd4 c5 21. Be3 Be7 22. Nxf7 Rhf8 23.
Ng5 (23. Rxg7 $2 Bf6 24. Rh7 Re7 $17) 23... d6 $132) 18. Qf3 Rg8 $2 {A clear
strategic error. I wanted to get out of the fork on f7, but the h7-pawn is too
valuable and the queen remains exposed. ...Qf6 or ...c5 is to be preferred.} (
18... Qc5 19. Nf7 Rg8 20. Nh6 Bd6 21. Nxg8 Bxg3 22. Qxg3 Rxg8 23. b3 $13 (23.
Qb3 Qxf2 24. a4 a5 25. Bxa5 d6 26. Bc3 Ka8 27. Kb1 $13)) (18... Qf6 19. Bc3 Qh6
20. Bd2 (20. Qxf5 Bd6 21. Rh3 Be5 $1 22. Bxe5 d6 23. Qf3 Rxe5 24. g4 Rhe8 $15)
(20. Kb1 Qxh4 21. Rd4 Re1+ 22. Bxe1 Qxd4 23. Nf7 Rg8 24. Nh6 f4 25. Bc3 Nxc4
26. Rg4 Nd2+ 27. Bxd2 Qxd2 28. Nxg8 Qe1+ 29. Kc2 Qxf1 30. Rxf4 Bd6 31. Re4 Ba6
$44) 20... Qf6 {with a repetition.}) 19. Bc3 Qc5 {Here it dawned on me that
after the planned 20.Nxh7 Bd6 21.b4 White wins the queen. Hence White wins the
dark coloured bishop and would have a clear advantage after 20.Nh7.} 20. b4 $6
{Weakening his own king for the sake of winning the f5-pawn. Nevertheless
White has not crossed the safety line yet.} (20. Nxh7 $1 $16) 20... Qe7 21.
Qxf5 g6 22. Qf4 Bh6 (22... Bg7 $5 23. Re3 Qf8 24. Qxf8 Rexf8 25. Bxg7 Rxg7 26.
f3 $14) 23. Re3 Qf8 24. Qxf8 Rexf8 25. f3 Rf4 26. Rd4 $2 {Time trouble. It was
necessary to protect the h4-pawn with Be1.} (26. Be1 Nxc4 27. Re7 $14 {winning
the h7-pawn by force and still keeping some advantage due to the better pawn
structure.}) (26. g3 Nxc4 27. Bxc4 (27. Re7 Rxf3 $1 28. Bd4 Bxg5+ 29. hxg5 Nb6
$17) 27... Rxc4 28. Kb2 Bg7 29. Bxg7 Rxg7 30. a3 d5 31. Rde1 h6 32. Ne6 Bxe6
33. Rxe6 Kb7 $13) 26... Rxh4 $1 27. Rxh4 Bxg5 28. Rhe4 Bxe3+ ({The other way
to keep the extra pawn would be} 28... d5 29. f4 dxe4 30. fxg5 Re8 31. Bd3 Ba6
32. Rxe4 Rxe4 33. Bxe4 Bxc4 34. Bxc6 Bxa2 35. g3 {With broken pawns on
queenside and White having two bishops Black's chances of a win are quite
remote.}) 29. Rxe3 Ba6 30. Re7 Bxc4 31. Bxc4 Nxc4 32. Rxd7 h5 33. Re7 Nb6 $6 (
33... Kc8 $1 {is more accurate. See next note.}) 34. Bd2 $6 $138 (34. Re6 $1
Kb7 35. Bd2 {would have tied the black rook to a passive position and the
likely result would have been a draw.}) 34... Kc8 $1 {Now the Black rook
escapes from passive defence as White cannot maintain his rook on the sixth
rank.} 35. a3 Nd5 36. Rf7 Re8 37. Rg7 Re6 38. Kc2 Kb7 39. g4 hxg4 40. fxg4 Kb6
(40... c5 41. bxc5 Kc6 42. Bb4 Kb5 43. Kd3 (43. Kb3 Re3+ 44. Kb2 a5 45. Bd2 Re6
$15) 43... a5 44. Bd2 Kxc5 45. Bxa5 Re3+ 46. Kc2 Rxa3 47. Bxc7 $11) 41. Kb3 a6
42. Rg8 $2 {Now Black will create a passed pawn on the queenside and will
eventually push the white king back.} (42. g5 $1 {stops ...c5 and the likely
end result is a draw.} c5 43. Kc4 Kc6 44. bxc5 Ne7 45. Bb4 $11) 42... c5 43. g5
Kc6 44. Bc1 Nb6 45. bxc5 Kxc5 46. Bb2 Nd5 47. Bh8 Rb6+ 48. Kc2 Re6 49. Kb3 c6
$2 {Now the black rook loses communication to the queenside. It was necessary
to push the a-pawn creating tactical threats to the white king. Something
similar happens in the game later on.} (49... a5 $1) 50. Bb2 Nf4 51. Bc1 Nd5
52. Bb2 a5 $5 53. Bh8 $2 {The decisive error in this see-saw battle. Now the
white king is either pushed back or gets into a mating net.} (53. a4 Re3+ 54.
Kc2 Kb4 55. Rxg6 Re2+ 56. Kc1 Kb3 57. Bd4 Rc2+ 58. Kd1 Rg2 59. Rxc6 Rxg5 {
although Black will win the a-pawn, White can sacrifice the bishop for Black's
a-pawn achieving the draw.}) 53... a4+ $1 54. Kxa4 $2 (54. Kc2 Kc4 55. Ra8 Re2+
56. Kd1 Kd3 57. Rxa4 c5 $1 58. Ra8 Rg2 $17 {although Black should win this
position because of the better co-ordinated pieces.}) 54... Re3 $1 55. Rb8 Rh3
(55... Nb6+ $4 56. Rxb6 $1 Re8 (56... Kxb6 57. Bd4+ $18) 57. Bd4+ Kxd4 58. Rxc6
Ke5 59. Rxg6 Kf5 60. Rc6 Kxg5 61. Kb5 $14) 56. Bb2 Nb6+ 57. Ka5 Rb3 (57... Rb3
58. Rxb6 Rxb6 59. Bd4+ Kxd4 60. Kxb6 c5 61. a4 c4 62. a5 c3 63. a6 c2 64. a7
c1=Q 65. a8=Q Qc5+ 66. Ka6 Qa3+ 67. Kb7 Qxa8+ 68. Kxa8 Ke5 $19) 0-1

[Event "Muenster"]
[Site "Muenster"]
[Date "1992.??.??"]
[Round "5"]
[White "Schaefer, Markus"]
[Black "Padevsky, Nikola Bochev"]
[Result "1-0"]
[WhiteElo "2435"]
[BlackElo "2400"]
[Annotator "Schaefer,M"]
[PlyCount "47"]
[EventDate "1992.07.??"]
[EventType "tourn"]
[EventRounds "11"]
[EventCountry "GER"]
[EventCategory "8"]
[SourceTitle "CBM 031"]
[Source "ChessBase"]
[SourceDate "1992.12.01"]
[SourceVersion "1"]
[SourceVersionDate "1992.12.01"]
[SourceQuality "1"]

1. e4 e5 2. Nf3 Nc6 3. d4 exd4 4. Nxd4 Bc5 5. Be3 Bb6 {>= 5...Qf6} 6. Nc3 Nge7
7. Qd2 O-O 8. O-O-O d6 9. Be2 Kh8 {9...f5!?} 10. g4 $14 Nxd4 11. Bxd4 Be6 (
11... Bxd4 12. Qxd4 Ng6 13. h4) 12. f4 f6 13. h4 Qd7 14. g5 (14. f5 $1 Bg8 15.
g5 Bxd4 16. Qxd4 Nc6 17. Qd2 Ne5 18. h5 fxg5 19. h6 g6 (19... gxh6 20. Rxh6 Qg7
21. Rdh1 $1 $16) (19... g4 20. Qf4 $16) 20. Qxg5 gxf5 21. Bh5 $1 $16) 14... f5
15. h5 fxe4 (15... Kg8 16. h6 g6 17. Bg7 Rfe8 18. Bf3 $16) (15... Bxd4 16. Qxd4
Nc6 17. Qd2 Kg8 18. h6 g6 19. exf5 $1) 16. h6 Bxd4 17. Qxd4 Ng6 (17... Nf5 18.
hxg7+ Qxg7 19. Qxe4 (19. Qxg7+ Nxg7 (19... Kxg7 20. Nxe4 {/\ Nf6}) 20. Nxe4
Rxf4 21. Nf6 $16) 19... Rae8 $13) 18. Nxe4 Rxf4 $2 (18... Nxf4 19. Bb5 $1 c6 (
19... Bf5 20. g6 $1 Bxg6 21. Bxd7 Ne2+ 22. Kb1 Nxd4 23. Rxd4 (23. hxg7+ $1 Kxg7
24. Rxd4 Rf4 25. Ng5) 23... Rf4 24. hxg7+ Kg8 $1) 20. hxg7+ (20. g6 $1 Nxg6 21.
Rdg1 Kg8 22. Ng5 $18) 20... Qxg7 21. Nf6 Nh3) 19. Qe3 $1 $18 {/\ Nc5, Bh5,
hxg7+} Bg8 20. Bh5 Qf5 21. Bxg6 hxg6 (21... Rxe4 22. hxg7+ Kxg7 23. Qc3+ Kxg6
24. Rh6+ Kxg5 25. Qg7+ $18) 22. hxg7+ Kxg7 23. Nf6 Qe5 (23... Kf7 24. Rde1 Qe5
25. Qb3+ $18) 24. Qxe5 1-0

[Event "German Masters (Women) 2nd"]
[Site "Dresden"]
[Date "2016.08.03"]
[Round "5"]
[White "Fuchs, Judith"]
[Black "Kachiani Gersinska, Ketino"]
[Result "0-1"]
[WhiteElo "2348"]
[BlackElo "2334"]
[Annotator "Schulz,Andre"]
[PlyCount "74"]
[EventDate "2016.07.30"]
[EventType "tourn"]
[EventRounds "9"]
[EventCountry "GER"]
[EventCategory "3"]
[SourceTitle "CBM 173 Extra"]
[Source "ChessBase"]
[SourceDate "2016.08.29"]
[SourceVersion "1"]
[SourceVersionDate "2016.08.29"]
[SourceQuality "1"]

1. e4 e5 2. Nf3 Nc6 3. d4 exd4 4. Nxd4 Nf6 5. Nxc6 bxc6 6. Qe2 ({Üblicher ist
} 6. e5) ({oder} 6. Bd3) 6... Bb4+ (6... Qe7 7. e5 {wäre Zugumstellung zur
Hauptvariante.} ({mit der Extramöglichkeit.} 7. Nc3)) 7. c3 Be7 8. e5 Nd5 9.
c4 (9. Qg4 Kf8 10. Qe4 d6 11. c4 Nb6 12. Qxc6 Rb8 13. Nc3 Bb7 14. Qb5 Nd7 15.
exd6 Bxd6 16. Qg5 f6 17. Qh5 Qe7+ 18. Be2 Bxg2 19. Rg1 Be4 20. c5 Nxc5 21. Rxg7
Kxg7 22. Bh6+ Kg8 23. O-O-O Bg6 24. Bc4+ Ne6 25. Qh3 Kf7 26. Nd5 Rxb2 27. Kxb2
Rb8+ 28. Bb3 Be5+ 29. Nc3 c5 30. f4 c4 31. fxe5 cxb3 32. a4 Nc5 33. exf6 Qc7
34. Rd4 Rd8 35. Rxd8 Qxd8 36. Qe3 Qd6 37. Nb5 Nd3+ 38. Kb1 Ne5+ 39. Kb2 Nd3+
40. Kb1 Nf2+ 41. Kc1 Qd1+ 42. Kb2 Nd3+ 43. Ka3 Qa1+ 44. Kxb3 Qb2+ 45. Kc4 Qb4+
46. Kd5 Be4+ {0-1 (46) Shirov,A (2686)-Sevian,S (2589) Stockholm 2016}) 9...
Nb6 10. Qg4 g6 11. Bh6 Bf8 12. Bg5 (12. Qf4 Bxh6 13. Qxh6 Qe7 14. Nc3 Qxe5+ 15.
Kd2 Qd4+ 16. Kc2 Qxf2+ 17. Be2 d6 18. Raf1 Bf5+ 19. Kc1 Qd4 20. Rd1 Qc5 21. Qg5
O-O 22. Qf4 f6 23. g4 Be6 24. Rd4 Qg5 25. Rf1 Rae8 26. Qd2 Qxd2+ 27. Kxd2 Kg7
28. b3 Nd7 29. Rdf4 h6 30. Nd1 f5 31. gxf5 Rxf5 32. Rxf5 Bxf5 33. Ne3 Be6 34.
Bf3 Ne5 35. Bg2 c5 {0-1 (35) Bauer,C (2634)-Bacrot,E (2702) Drancy 2016}) ({
Nach} 12. Bxf8 Kxf8 {bringt Weiß} 13. Qd4 {nicht viel ein:} Kg7 14. e6+ Qf6 (
14... f6 $5)) 12... Be7 13. h4 h6 (13... d5 $5) 14. Bd2 d6 15. Qg3 Be6 16. c5
$6 {Danach öffnet sich die Stellung rasch zugunsten von Schwarz.} (16. b3 Nd7
(16... dxe5 17. Bc3 $11 (17. Qxe5 $4 Bf6)) 17. Bc3 dxe5 $11) 16... Nd5 17. Nc3
({Nach} 17. exd6 cxd6 18. cxd6 Bxd6 {liegt Weiß in der Entwicklung weit
hinten.}) 17... dxe5 18. Qxe5 {Dafür war keine Zeit.} (18. O-O-O $5 $15) 18...
Bf6 19. Qg3 Rb8 20. b3 Qe7 21. Be2 Bg4 $6 ({Genauer war} 21... Nxc3 22. Bxc3
Bg4) 22. O-O $2 ({Weiß verpasst} 22. Qxg4 Nxc3 (22... Bxc3 23. Bxc3 Nxc3 24.
Qf3 Qe5 25. Kf1 $11) 23. Rc1 h5 (23... Nxa2 $2 24. Rc2) 24. Qf3 $11) 22... Bxe2
23. Nxe2 Bxa1 {mit Qualitätsgewinn.} 24. Rxa1 O-O 25. Re1 Rfe8 26. Bxh6 Rb4 {
Droht einfach Te4.} 27. h5 Qh4 (27... Re4 28. hxg6 f5 $19) 28. Bd2 Qxg3 29.
Nxg3 Rxe1+ 30. Bxe1 Rd4 31. Ba5 Rd1+ 32. Kh2 Ra1 33. a4 Ra3 34. hxg6 fxg6 35.
Ne2 Rxb3 36. Nd4 Ra3 37. Nxc6 Rxa4 0-1

[Event "Prague Chip"]
[Site "Prague"]
[Date "1992.??.??"]
[Round "9"]
[White "Smagin, Sergey"]
[Black "Mainka, Romuald"]
[Result "1/2-1/2"]
[WhiteElo "2550"]
[BlackElo "2455"]
[Annotator "Schussler,H"]
[PlyCount "36"]
[EventDate "1992.01.??"]
[EventType "tourn"]
[EventRounds "13"]
[EventCountry "CZE"]
[EventCategory "11"]
[SourceTitle "CBM 027"]
[Source "ChessBase"]
[SourceDate "1992.04.01"]
[SourceVersion "1"]
[SourceVersionDate "1992.04.01"]
[SourceQuality "1"]

1. e4 e5 2. Nf3 Nc6 3. d4 exd4 4. Nxd4 Bc5 5. Nxc6 $5 {Wrongly considered bad
because of the not so dangerous 5. - Qf6.} Qf6 {This could also arise from 4.
- Qf6!? - see Smagin,S-Hector, J (CBM 27 game 919).} 6. Qd2 $1 dxc6 7. Bd3 Be6
8. Nc3 (8. Qf4 $1 O-O-O 9. Nc3 Qxf4 10. Bxf4 Ne7 $14 {Smagin,S-Van der Sterren,
P (CBM 27 game 904).}) 8... O-O-O 9. Qe2 Bd4 10. Bd2 $14 Ne7 11. f4 $6 Rhe8 12.
e5 Qh4+ 13. g3 Qh3 14. O-O-O f6 15. exf6 gxf6 16. Rde1 Bf7 17. Qf1 Qh5 18. f5
Be5 1/2-1/2

[Event "Bern"]
[Site "Bern"]
[Date "1991.??.??"]
[Round "5"]
[White "Gallagher, Joseph G"]
[Black "Costa, Jean Luc"]
[Result "1-0"]
[WhiteElo "2520"]
[BlackElo "2405"]
[Annotator "Schussler,H"]
[PlyCount "49"]
[EventDate "1991.02.??"]
[EventType "tourn"]
[EventRounds "9"]
[EventCountry "SUI"]
[EventCategory "9"]
[SourceTitle "CBM 022"]
[Source "ChessBase"]
[SourceDate "1991.06.01"]
[SourceVersion "1"]
[SourceVersionDate "1991.06.01"]
[SourceQuality "1"]

1. e4 e5 2. Nf3 Nc6 3. d4 exd4 4. Nxd4 Qh4 5. Nb5 Bb4+ (5... Bc5 6. Qe2 Qd8 $5
{(Hector)} 7. Be3 d6 8. Qd2 Bxe3 9. Qxe3 Nf6 10. N1c3 O-O 11. O-O-O Re8 $10 {
Bjerrin,K - Schüssler,H Gausdal 1990}) 6. Bd2 Qxe4+ 7. Be2 Qxg2 8. Bf3 $18
Bxd2+ 9. Nxd2 Qh3 10. Bxc6 bxc6 11. Nxc7+ Kd8 12. Nxa8 Nf6 13. Qf3 Re8+ 14. Kd1
Qe6 15. c3 d5 16. Kc2 Qf5+ 17. Kb3 Qxf3 18. Nxf3 Bb7 19. Rae1 Ne4 20. Rhg1 Bxa8
21. Rxg7 Rf8 22. Ne5 Ke7 23. Rxh7 Nd6 24. Nxf7+ Kd7 25. Ng5+ 1-0